نامے جو میرے نام آۓ / (Record no. 192109)

MARC details
000 -LEADER
fixed length control field 00693nam a22001937a 4500
005 - DATE AND TIME OF LATEST TRANSACTION
control field 20220913120130.0
010 ## - LCCN (DPL NO)
LC control number UR-11723
020 ## - INTERNATIONAL STANDARD BOOK NUMBER
International Standard Book Number 9789394616448
Terms of availability 150.00
035 ## - SYSTEM CONTROL NUMBER
System control number U-10278
037 ## - SOURCE OF ACQUISITION
Source of stock number/acquisition DBAD/PUB
Stock number -
082 ## - DEWEY DECIMAL CLASSIFICATION NUMBER
Classification number 846
100 ## - MAIN ENTRY--PERSONAL NAME
Personal name ابو الکلام رحمانی
245 ## - TITLE STATEMENT
Title نامے جو میرے نام آۓ /
Statement of responsibility, etc ابو الکلام رحمانی
Medium ا ر د و
246 ## - VARYING FORM OF TITLE
Title proper/short title Naam-E-Jo Mere Naam Aaie (A collection of Letters) /
Remainder of title by Abul Kalam Rahmani
260 ## - PUBLICATION, DISTRIBUTION, ETC. (IMPRINT)
Place of publication, distribution, etc New Delhi
Name of publisher, distributor, etc Educational Publishing House
Date of publication, distribution, etc 2022 ء
270 ## - ADDRESS
Address H.O. D1/16, Ansari Road, Darya Ganj
City New Delhi
Postal code 110002
300 ## - PHYSICAL DESCRIPTION
Extent 128 ص
Dimensions 22cm(pbk)
942 ## - ADDED ENTRY ELEMENTS (KOHA)
Source of classification or shelving scheme Dewey Decimal Classification
Item type Urdu Bks
Classification part 846
Call number suffix ا ب و
Holdings
Withdrawn status Lost status Not for loan Collection code Home library Current library Date acquired Source of acquisition Cost, normal purchase price Full call number Barcode Copy number Cost, replacement price Koha item type
      Non-fiction Sarojini Nagar Sarojini Nagar 12/09/2022 DBAD/PUB 150.00 846 ا ب و U-10278 1 150.00 Urdu Bks

© Delhi Public Library
Hit Counter
free hit counter